<?xml version="1.0" encoding="UTF-8"?>
<record
    xmlns:xsi="http://www.w3.org/2001/XMLSchema-instance"
    xsi:schemaLocation="http://www.loc.gov/MARC21/slim http://www.loc.gov/standards/marcxml/schema/MARC21slim.xsd"
    xmlns="http://www.loc.gov/MARC21/slim">

  <leader>01130nam a22002774a 4500</leader>
  <controlfield tag="001">UTEA</controlfield>
  <controlfield tag="005">20251009122130.0</controlfield>
  <controlfield tag="006">g||||gr||||||01 nz</controlfield>
  <controlfield tag="007">ta</controlfield>
  <controlfield tag="008">251009b        es ||||| |||| 00| 0 spa d</controlfield>
  <datafield tag="020" ind1=" " ind2=" ">
    <subfield code="a">978-84-47-1966-7</subfield>
  </datafield>
  <datafield tag="040" ind1=" " ind2=" ">
    <subfield code="a">UTEA</subfield>
  </datafield>
  <datafield tag="041" ind1=" " ind2=" ">
    <subfield code="a">spa</subfield>
  </datafield>
  <datafield tag="082" ind1=" " ind2=" ">
    <subfield code="a">617.645</subfield>
    <subfield code="b">M42 2017</subfield>
  </datafield>
  <datafield tag="100" ind1=" " ind2=" ">
    <subfield code="a">Mendoza Mendoza, Asunci&#xF3;n</subfield>
  </datafield>
  <datafield tag="245" ind1=" " ind2=" ">
    <subfield code="a">Odontopediatr&#xED;a / </subfield>
    <subfield code="c"> Asunci&#xF3;n Mendoza Mendoza</subfield>
    <subfield code="h">[texto Impreso]</subfield>
  </datafield>
  <datafield tag="250" ind1=" " ind2=" ">
    <subfield code="a">1ra. edici&#xF3;n </subfield>
  </datafield>
  <datafield tag="260" ind1=" " ind2=" ">
    <subfield code="a">Sevilla - Espa&#xF1;a</subfield>
    <subfield code="b">Editorial Universidad de Sevilla</subfield>
    <subfield code="c">2017</subfield>
  </datafield>
  <datafield tag="300" ind1=" " ind2=" ">
    <subfield code="a">132 p. ; </subfield>
    <subfield code="c">24 cm.</subfield>
  </datafield>
  <datafield tag="505" ind1=" " ind2=" ">
    <subfield code="a">Historia diagn&#xF3;stico y planificaci&#xF3;n del plan de tratamiento -- Anatom&#xED;a dentaria -- Forma de colocaci&#xF3;n del instrumental en el carro de cl&#xED;nica -- Psicodrama -- Anatom&#xED;a dentaria y operatoria dental en ni&#xF1;os -- Terapia pulpar en ni&#xF1;os -- Coronas -- Mantenedores de espacio. </subfield>
  </datafield>
  <datafield tag="650" ind1=" " ind2=" ">
    <subfield code="a">PLAN DE TRATAMIENTO</subfield>
    <subfield code="9">59731</subfield>
  </datafield>
  <datafield tag="650" ind1=" " ind2=" ">
    <subfield code="a">COLOCACI&#xD3;N DEL INSTRUMENTAL</subfield>
    <subfield code="9">59732</subfield>
  </datafield>
  <datafield tag="650" ind1=" " ind2=" ">
    <subfield code="a">PULPAR EN NI&#xD1;O</subfield>
    <subfield code="9">59733</subfield>
  </datafield>
  <datafield tag="700" ind1=" " ind2=" ">
    <subfield code="a">Solano Mendoza, Beatriz </subfield>
    <subfield code="e">Coautor</subfield>
    <subfield code="9">59734</subfield>
  </datafield>
  <datafield tag="942" ind1=" " ind2=" ">
    <subfield code="2">ddc</subfield>
    <subfield code="c">BK</subfield>
    <subfield code="e">2025-10-09</subfield>
    <subfield code="z">Mag. Cecilio Flores Noa</subfield>
  </datafield>
  <datafield tag="952" ind1=" " ind2=" ">
    <subfield code="0">0</subfield>
    <subfield code="1">0</subfield>
    <subfield code="2">ddc</subfield>
    <subfield code="4">0</subfield>
    <subfield code="7">0</subfield>
    <subfield code="8">EPSF3</subfield>
    <subfield code="a">BABA</subfield>
    <subfield code="b">BABA</subfield>
    <subfield code="c">SALA1</subfield>
    <subfield code="d">2025-10-09</subfield>
    <subfield code="e">CP</subfield>
    <subfield code="o">617.645 M42 2017</subfield>
    <subfield code="p">BABA25100133</subfield>
    <subfield code="w">2025-10-09</subfield>
    <subfield code="y">BK</subfield>
    <subfield code="k"></subfield>
  </datafield>
  <datafield tag="999" ind1=" " ind2=" ">
    <subfield code="c">17451</subfield>
    <subfield code="d">17451</subfield>
  </datafield>
</record>
